| 000 -LEADER |
| fixed length control field |
00954nam a22002057a 4500 |
| 005 - DATE AND TIME OF LATEST TRANSACTION |
| control field |
20260122192821.0 |
| 008 - FIXED-LENGTH DATA ELEMENTS--GENERAL INFORMATION |
| fixed length control field |
240702b ||||| |||| 00| 0 eng d |
| 040 ## - CATALOGING SOURCE |
| Transcribing agency |
SSBUL |
| 041 ## - LANGUAGE CODE |
| Language code of text/sound track or separate title |
Myanmar |
| 082 ## - DEWEY DECIMAL CLASSIFICATION NUMBER |
| Edition number |
23 |
| Classification number |
၂၉၄.၃၀၉၂ အဉ် |
| Item number |
၇၅၃၀ S-SL |
| 100 0# - MAIN ENTRY--PERSONAL NAME |
| Personal name |
အညတရဘိက္ခု |
| 9 (RLIN) |
16494 |
| 245 10 - TITLE STATEMENT |
| Title |
စက္ခုအလင်းသံခိပ်ကျဉ်းနှင့် စလင်းကန်လယ်ဆရာတော်ဘုရားကြီး ထေရုပ္ပတ္တိ / |
| Statement of responsibility, etc. |
အညတရဘိက္ခု။ |
| 250 ## - EDITION STATEMENT |
| Edition statement |
ဆဋ္ဌမအကြိမ်။ |
| 260 ## - PUBLICATION, DISTRIBUTION, ETC. |
| Place of publication, distribution, etc. |
ရန်ကုန် ၊ |
| Date of publication, distribution, etc. |
၁၉၈၈။ |
| 300 ## - PHYSICAL DESCRIPTION |
| Extent |
၂၃၅ စာ ၊ |
| Dimensions |
၁၆ စင်တီ။ |
| 500 ## - GENERAL NOTE |
| General note |
S-SAT: Dr. Prof Sai Aung Tun |
| 650 ## - SUBJECT ADDED ENTRY--TOPICAL TERM |
| Topical term or geographic name entry element |
စလင်းကန်လယ်ဆရာတော် |
| Form subdivision |
ထေရုပ္ပတ္တိ။ |
| 9 (RLIN) |
45995 |
|
| Topical term or geographic name entry element |
ဝိပဿနာ |
| 942 ## - ADDED ENTRY ELEMENTS (KOHA) |
| Source of classification or shelving scheme |
|
| Koha item type |
Book (Short term) |